书目信息 |
| 题名: |
论列宁
|
|
| 作者: | 斯大林 著 ;中共中央马恩列斯著作编译局 译 | |
| 分册: | ||
| 出版信息: | 北京 人民出版社 1971 |
|
| 页数: | 43页 | |
| 开本: | 20cm | |
| 丛书名: | ||
| 单 册: | ||
| 中图分类: | A73 | |
| 科图分类: | ||
| 主题词: | 列宁--生平事迹 , 列宁--传记 | |
| 电子资源: | ||
| ISBN: | ||
| 000 | 00706nam0 2200217 450 | |
| 001 | 0638735187 | |
| 005 | 20060727104648.64 | |
| 010 | @dCNY0.10 | |
| 100 | @a20060727d1971 km y0chiy0120 ea | |
| 101 | 0 | @achi |
| 102 | @aCN@b110000 | |
| 200 | 1 | @a论列宁@Alun lie ning@f斯大林著@Fsi da lin zhu@g中共中央马恩列斯著作编译局译@Gzhong gong zhong yang ma en lie si zhu zuo bian yi ju yi |
| 210 | @a北京@c人民出版社@d1971 | |
| 215 | @a43页@d20cm | |
| 606 | 0 | @a列宁@x生平事迹 |
| 606 | 0 | @a列宁@x传记 |
| 690 | @aA73@v3 | |
| 701 | 0 | @a斯大林@Asi da lin@4著 |
| 712 | 0 | @a中共中央马恩列斯著作编译局@Azhong gong zhong yang ma en lie si zhu zuo bian yi ju@4译 |
| 801 | 0 | @aCN@bPFT@c20060727 |
| 905 | @a10447@dA73@e138 | |
| 论列宁/斯大林著/中共中央马恩列斯著作编译局译.-北京:人民出版社,1971 |
| 43页;20cm |
| ISBN :CNY0.10 |
| ● |
| 相关链接 |
|
|
|
|
正题名:论列宁
索取号:A73/138
 
预约/预借
| 序号 | 登录号 | 条形码 | 馆藏地/架位号 | 状态 | 备注 |
| 1 | 0439947 | 204399472 | 密集书库/ [索取号:A73/138] | 在馆 |